Asertivitou proti stresu / Ján Praško, Hana Prašková
Record details
- ISBN: 978-80-247-1697-8
- Physical Description: 277 s. ; 21 cm
- Edition: 2., přeprac. a dopl. vyd.
- Publisher: Praha : Grada, 2007
Content descriptions
| General Note: | V tiráži uvedeno chybně: vyd. 1., 2007 |
| Bibliography, etc. Note: | Obsahuje bibliografii |
Search for related items by subject
| Subject: | asertivita interpersonální komunikace interpersonální vztahy zvládání stresu assertiveness interpersonal communication interpersonal relations stress management |
| Genre: | příručky handbooks and manuals |
Search for related items by series
Available copies
- 1 of 1 copy available at Common Catalog SPOK.
Holds
- 0 current holds with 1 total copy.
Other Formats and Editions
Show Only Available Copies
| Location | Call Number / Copy Notes | Barcode | Shelving Location | Status | Due Date |
|---|---|---|---|---|---|
| Jabok Library | Psy-6.1.6/P | 424480022564 | Odborná literatura | Available | - |
| LDR | 01763nam a2200493 a 4500 | ||
|---|---|---|---|
| 001 | 515 | ||
| 003 | CZ-PrJAB | ||
| 005 | 20220727092350.0 | ||
| 007 | ta | ||
| 008 | 060112s2007 xr e f 000 0 cze | ||
| 015 | . | ‡acnb001637754 | |
| 020 | . | ‡a978-80-247-1697-8 ‡q(brož.) | |
| 035 | . | ‡a(CZ PrNK)nkc20061637754 | |
| 035 | . | ‡a(OCoLC)124090355 | |
| 040 | . | ‡aBOA001 ‡bcze ‡dABA001 | |
| 072 | 7. | ‡a316.4/.7 ‡xSociální interakce. Sociální komunikace ‡2Konspekt ‡918 | |
| 080 | . | ‡a316.621 ‡2MRF | |
| 080 | . | ‡a316.772.4 ‡2MRF | |
| 080 | . | ‡a316.472.4 ‡2MRF | |
| 080 | . | ‡a613.86 ‡2MRF | |
| 080 | . | ‡a(035) ‡2MRF | |
| 100 | 1 | . | ‡aPraško, Ján, ‡d1956- ‡7jn20000402046 ‡4aut |
| 245 | 1 | 0. | ‡aAsertivitou proti stresu / ‡cJán Praško, Hana Prašková |
| 250 | . | ‡a2., přeprac. a dopl. vyd. | |
| 260 | . | ‡aPraha : ‡bGrada, ‡c2007 | |
| 300 | . | ‡a277 s. ; ‡c21 cm | |
| 490 | 1 | . | ‡aPsychologie pro každého |
| 500 | . | ‡aV tiráži uvedeno chybně: vyd. 1., 2007 | |
| 504 | . | ‡aObsahuje bibliografii | |
| 650 | 0 | 7. | ‡aasertivita ‡7ph118627 ‡2czenas |
| 650 | 0 | 7. | ‡ainterpersonální komunikace ‡7ph121153 ‡2czenas |
| 650 | 0 | 7. | ‡ainterpersonální vztahy ‡7ph114786 ‡2czenas |
| 650 | 0 | 7. | ‡azvládání stresu ‡7ph135858 ‡2czenas |
| 650 | 0 | 9. | ‡aassertiveness ‡2eczenas |
| 650 | 0 | 9. | ‡ainterpersonal communication ‡2eczenas |
| 650 | 0 | 9. | ‡ainterpersonal relations ‡2eczenas |
| 650 | 0 | 9. | ‡astress management ‡2eczenas |
| 655 | 7. | ‡apříručky ‡7fd133209 ‡2czenas | |
| 655 | 9. | ‡ahandbooks and manuals ‡2eczenas | |
| 700 | 1 | . | ‡aPrašková, Hana, ‡d1956- ‡7jn20000402047 ‡4aut |
| 830 | 0. | ‡aPsychologie pro každého | |
| 910 | . | ‡aABG312 | |
| 901 | . | ‡a515 ‡bUnknown ‡c515 ‡tbiblio | |